| 000 | 00543cam a22001814a 4500 | ||
|---|---|---|---|
| 020 | _a9789251058770 | ||
| 040 | _cDLC | ||
| 082 | _a341 FOO 2007 A010 Co. | ||
| 100 | 1 | _aVapnek, Jessica. | |
| 245 | 1 | 0 | _aDesigning national pesticide legislation / |
| 260 |
_aRome : _bFood and Agriculture Organization of the United Nations, _c2007. |
||
| 300 |
_aiv, 107 p. ; _c24 cm. |
||
| 650 | 0 | _aPesticides | |
| 700 | 1 | _aPagotto, Isabella. | |
| 700 | 1 | _aKwoka, Margaret. | |
| 856 | 4 | 1 | _uhttp://www.loc.gov/catdir/toc/fy0803/2008372759.html |
| 942 | _cEK | ||
| 999 |
_c13526 _d13526 |
||